000 00703nam a2200241 i 4500
001 C2-0294991
003 PPAK
005 20180728030626.0
008 090318s2009 my a|||| ||||| | may d
020 _a9789673350322
040 _aPPAK
_beng
_cPPAK
_erda
082 0 4 _a607.1
_223
090 0 0 _a607.1
_bSPO
_dR
245 0 0 _aSpotlight PMR :
_bkemahiran hidup bersepadu (pilihan kemahiran teknikal)
264 1 _aSubang Jaya, Selangor :
_bPan Asia Publications ,
_c2009
300 _avii, 360 pages :
_billustrations ;
_c26 cm
336 _2rdacontent
_atext
337 _2rdamedia
_aunmediated
338 _2rdacarrier
_avolume
650 1 0 _aBasic education
700 _eauthor
942 _ddc
_cB
999 _c99576
_d99576